00723nam a2200193 i 4500001000700000003000900007005001700016007000300033008004100036080001600077100004500093245011700138260004900255300003000304650003500334852002100369999001900390952012000409107560ES-MaACL20231218204646.0t|061121s1935 sp r ||||1| spa d a37.04-053.21 aMorros Sardá, Julia,d1902-198398369913aEl crecimiento en la edad escolar : bdatos comparativos de niños y niñas leoneses / cJulia Morros Sardá. aMadrid : b[s.n], c1935 (fImp. S. Aguirre) a207 p. : bil. ; c24 cm. 4aNiños-xCrecimiento.91488334 aES-MaACLjA-3796 c107560d107560 00104070aATENEOMbATENEOMcSPP1d2008-01-17eSCl0oA-3796p1112253r2023-02-23 00:00:00w2023-02-23yMONOGRAFIA